| 000 | 00519nam a2200193Ia 4500 | ||
|---|---|---|---|
| 005 | 20250423100146.0 | ||
| 008 | 250422s9999 xx 000 0 und d | ||
| 020 | _a9781111344450 | ||
| 050 | _aHM 1206 .S63/ | ||
| 100 | _aSparks, Glenn G. | ||
| 245 | 0 | _aMedia effects research: a basic overview | |
| 250 | _a4th ed. | ||
| 260 | _aBoston | ||
| 260 | _bWadsworth Cengage Learning | ||
| 260 | _c2021 | ||
| 300 | _a314 p | ||
| 650 | _a Mass media--Social aspects. Mass media--Research--Methodology. | ||
| 942 | _cBK | ||
| 999 |
_c32454 _d32454 |
||